000 00718nam a2200205 i 4500
001 51267
003 ES-MaACL
005 20240524062948.0
007 t|
008 030812s1914 xxk |||| | eng d
100 0 _aChesterton, G. K.,
_d1874-1936
_938399
245 1 4 _aThe victorian age in literature /
_cby G.K. Chesterton.
260 _aLondon :
_bWilliams and Norgate,
_c[1914] (
_fRichard Clay and Sons)
300 _a256, 8 p. ;
_c17 cm.
490 1 _aHome University Library of Modern Knowledge
650 4 _aLiteratura inglesa-
_yS.XIX-
_xHistoria y crítica.
_9168415
830 0 _aHome University Library of Modern Knowledge
_9182346
852 _aES-MaACL
_jC-2726
999 _c51267
_d51267